កូនបង្កួយកូដូមូ / (Record no. 9008)
[ view plain ]
| 000 -LEADER | |
|---|---|
| fixed length control field | 02461nam a22003137a 4500 |
| 001 - CONTROL NUMBER | |
| control field | 9008 |
| 003 - CONTROL NUMBER IDENTIFIER | |
| control field | FISKH |
| 005 - DATE AND TIME OF LATEST TRANSACTION | |
| control field | 20251113161823.0 |
| 008 - FIXED-LENGTH DATA ELEMENTS--GENERAL INFORMATION | |
| fixed length control field | 251113b cb ||||| |||| 00| 0 eng d |
| 020 ## - INTERNATIONAL STANDARD BOOK NUMBER | |
| International Standard Book Number | 9789996346187 |
| 040 ## - CATALOGING SOURCE | |
| Original cataloging agency | FISKH |
| Language of cataloging | khr |
| Transcribing agency | FISKH |
| Modifying agency | FISKH |
| 050 ## - LIBRARY OF CONGRESS CALL NUMBER | |
| Classification number | PZ7 |
| 082 ## - DEWEY DECIMAL CLASSIFICATION NUMBER | |
| Classification number | 823 |
| 100 ## - MAIN ENTRY--PERSONAL NAME | |
| Personal name | Fines, Soeun |
| 245 ## - TITLE STATEMENT | |
| Title | កូនបង្កួយកូដូមូ / |
| Statement of responsibility, etc. | និពន្ធដោយលោក សុឺន ហ្វីណែស្វ , ពិនិត្យអក្ខរាវិរុទ្ធ អ្នកស្រី គឹមស៊ុន សុធារី , លោក ធី ចាន់ថន , អ្នកនាង វ៉ាត ចរិយា និង កញ្ញា វុិច វឌ្ឍនា |
| 260 ## - PUBLICATION, DISTRIBUTION, ETC. | |
| Place of publication, distribution, etc. | Phnom Penh : |
| Name of publisher, distributor, etc. | Reading Books , |
| Date of publication, distribution, etc. | 2014. |
| 300 ## - PHYSICAL DESCRIPTION | |
| Extent | 20 pages : |
| Other physical details | color illustrations ; |
| Dimensions | 25 cm . |
| 490 ## - SERIES STATEMENT | |
| Series statement | ពិភពរឿងនិទាន |
| 505 ## - FORMATTED CONTENTS NOTE | |
| Formatted contents note | K <br/> |
| 520 ## - SUMMARY, ETC. | |
| Summary, etc. | កូដូមូ គឺជាឈ្មោះកូនបង្កួយដែលព្រាត់ប្រាសពីឳពុកម្តាយដោយសារមេធ្មប់ចាវ៉ាចាប់ទៅហើយជប់អោយខ្លាចទៅជាអាចម៏គោ ។ តែដើម្បីស្វែងរកឳពុកម្តាយហ៊ានទៅវិមានយាយធ្មប់ជាមួយមិត្តអណ្តើក និង ក្តាន់ដែលជាកន្លែងដែលគ្មានអ្នកហ៊ានទៅដល់ ។ ដោយសារតែភាពក្លាហាននេះទើបធ្វើអោយវាបានជួបជាមួយឳពុកម្តាយវាវិញ ។ |
| 520 ## - SUMMARY, ETC. | |
| Summary, etc. | Kodomo was the name of alizard who was separated from his parents after being captured and cursed by the evil witch Java, who turned him into cow poo. <br/>Determined to find his parents, Kodomo bravely set out with his friends — a turtle and a rabbit — to the witch’s castle, a place no one had ever dared to go.<br/>Because of his courage, Kodomo was finally reunited with his parents. |
| 521 8# - TARGET AUDIENCE NOTE | |
| Target audience note | 520 <br/> |
| Source | Lexile estimate <br/> |
| 521 8# - TARGET AUDIENCE NOTE | |
| Target audience note | K <br/> |
| Source | Raz-Plus <br/> |
| 650 ## - SUBJECT ADDED ENTRY--TOPICAL TERM | |
| Topical term or geographic name entry element | កូនបង្កួយកូដូមូ |
| Form subdivision | រឿងនិទានកុមារ |
| 650 ## - SUBJECT ADDED ENTRY--TOPICAL TERM | |
| Topical term or geographic name entry element | Kodomo the lizard |
| Form subdivision | Children's Stories |
| 700 ## - ADDED ENTRY--PERSONAL NAME | |
| Personal name | Saren, Koam |
| Relator term | Illustrator |
| 942 ## - ADDED ENTRY ELEMENTS (KOHA) | |
| Source of classification or shelving scheme | Dewey Decimal Classification |
| Koha item type | Khmer Books |
| Suppress in OPAC | No |
| Withdrawn status | Lost status | Source of classification or shelving scheme | Damaged status | Not for loan | Collection | Home library | Current library | Shelving location | Date acquired | Total Checkouts | Full call number | Barcode | Date last seen | Copy number | Price effective from | Koha item type |
|---|---|---|---|---|---|---|---|---|---|---|---|---|---|---|---|---|
| Dewey Decimal Classification | Khmer Language Books / សៀវភៅភាសាខ្មែរ | Footprints International School Library Network Toul Tom Poung Campus | Footprints International School Library Network Toul Tom Poung Campus | TTP Primary Khmer Bookshelves | 11/13/2025 | FIN PZ7 823 | FISBK03816 | 11/13/2025 | 1 | 11/13/2025 | Khmer Books | |||||
| Dewey Decimal Classification | Khmer Language Books / សៀវភៅភាសាខ្មែរ | Footprints International School Library Network Toul Tom Poung Campus | Footprints International School Library Network Toul Tom Poung Campus | TTP Primary Khmer Bookshelves | 11/13/2025 | FIN PZ7 823 | FISBK03681 | 11/13/2025 | 2 | 11/13/2025 | Khmer Books |
